000 00947nam a22003017a 4500
003 CHAP
005 20220329134330.0
008 971013s1975 r 00010 d
010 _a18908
011 _a19880
035 _a23965
040 _cCHAP
090 _aFolleto 4791
100 0 0 _aAlvarenga, Ivo.
_94856
245 _aConsideraciones sobre capacitación en derecho agrario para abogados del sector pública agrícola
260 _aRoma :
_bF.A.O.,
_c1975
300 _a23 p
490 _aDocumentación de referencia
_v; 6
590 _aBATCH-UPD
_b10
_c20130110
_lUCH01
_h1646
590 _aBATCH-UPD
_b10
_c20130410
_lUCH01
_h1036
590 _aBATCH-UPD
_b10
_c20130914
_lUCH01
_h1142
590 _aCONVERSION
_b10
_c20130109
_lUCH01
_h1311
650 1 4 _aDerecho agrario.
_931866
830 0 _aDocumentación de referencia
_v; 6
_933182
901 _aBK
942 _cFOLL
949 _aFolleto 4791
_bBC
_cFOLL
_d-55479
_eTS1
_i23965
_mD
_si
999 _c18908
_d18908